[Event "World Cities"]
[Site "Jakarta "]
[Date "1997.??.??"]
[Round "3"]
[White "Elsness, Frode"]
[Black "Tindall, Brett"]
[Result "1-0"]
[WhiteElo "2350"]
[BlackElo "2190"]

1.d4 Nf6 2.c4 e6 3.Nf3 c5 4.d5 exd5 5.cxd5 d6 6.Nc3 g6 7.e4 Bg7 8.h3 O-O
9.Bd3 a6 10.a4 Nbd7 11.O-O Qe7 12.Re1 Nh5 13.Nd2 Qh4 14.Qg4 Qxg4 15.hxg4 Ne5
16.Be2 Nf6 17.g5 Nfg4 18.Nf1 c4 19.f3 Nd3 20.Bxd3 Bd4+ 21.Ne3 Nxe3 22.Bxe3 Bxc3
23.bxc3 cxd3 24.Reb1 f5 25.gxf6 Rxf6 26.Kf2 Bg4 27.Rxb7 Raf8 28.Bh6 Bxf3
29.gxf3 Rxf3+ 30.Kg2 Rf2+ 31.Kg1 R8f3 32.Rb8+ Kf7 33.Rf8+  1-0

[Event "Klatovy op-A"]
[Site "Klatovy"]
[Date "1997.??.??"]
[Round "?"]
[White "Juptner, J."]
[Black "Kaderabek, Jiri"]
[Result "0-1"]
[WhiteElo "1905"]
[BlackElo "2130"]

1.d4 Nf6 2.c4 c5 3.d5 e6 4.Nc3 exd5 5.cxd5 d6 6.Nf3 g6 7.Bf4 Bg7 8.e4 O-O
9.Be2 Re8 10.Nd2 a6 11.a4 Qe7 12.O-O Nbd7 13.h3 Ne5 14.Qc2 Nfd7 15.Bh2 g5
16.Nc4 Nxc4 17.Bxc4 Ne5 18.Be2 Ng6 19.Rfe1 Bd4 20.Bf1 Qf6 21.Nd1 Bd7 22.a5 Kh8
23.Ra3 Ne5 24.Ne3 Rg8 25.Bxe5 Qxe5 26.Nc4 Qe7 27.Nb6 Rae8 28.Nxd7 Qxd7 29.Be2 f5
30.exf5 Re5 31.Raa1 Qxf5 32.Bd3 Qf6 33.Rxe5 Qxe5 34.Qe2 Re8 35.Qxe5+ Rxe5
36.Bc4 Rf5 37.Rf1 Rf7 38.b3 Bc3 39.g3 Bxa5 40.f4 gxf4 41.Rxf4 Rxf4 42.gxf4 Bd2
43.Bd3 Bxf4 44.Bf5 Kg7 45.Bc8 Kf6 46.Bxb7 a5 47.Kf2 Ke5 48.Ke2 Kd4 49.Bc6 Kc3
50.Ba4 Bg5 51.Kd1 Bf4 52.Ke2 Kb4 53.Kd3 c4+ 54.Kc2 Be5 55.h4 h6 56.h5 Bf6  0-1

[Event "RUS-ch (Women) sf"]
[Site "Kolontaevo"]
[Date "1997.??.??"]
[Round "?"]
[White "Ovchinikova, Julia"]
[Black "Guskova, Elena"]
[Result "1/2-1/2"]
[WhiteElo "2235"]
[BlackElo "2185"]

1.d4 Nf6 2.Nf3 e6 3.c4 c5 4.d5 exd5 5.cxd5 d6 6.Nc3 g6 7.Nd2 a6 8.a4 Nbd7
9.e4 Bg7 10.Be2 O-O 11.O-O Re8 12.f4 Rb8 13.Kh1 Qc7 14.e5 dxe5 15.Nc4 b5
16.axb5 axb5 17.Nxe5 c4 18.Nc6 Rb6 19.Bf3 Qd6 20.Ra5 Ba6 21.Rxa6 Rxa6 22.Nxb5 Qf8
23.Nc7 Ra1 24.Nxe8 Nxe8 25.Re1 Nd6 26.Qe2 Nc5 27.Bd2 Qa8 28.Ne5  1/2-1/2

[Event "Gran Canaria op"]
[Site "Las Palmas"]
[Date "1997.??.??"]
[Round "?"]
[White "Villavicencio, Adalberto"]
[Black "Alvarado, Francisco"]
[Result "1-0"]
[WhiteElo "2310"]
[BlackElo "2155"]

1.d4 Nf6 2.Nf3 e6 3.c4 c5 4.d5 exd5 5.cxd5 d6 6.Nc3 g6 7.h3 Bg7 8.e4 O-O
9.Bd3 b5 10.Nxb5 Nxe4 11.Bxe4 Re8 12.Ng5 Bf5 13.O-O Bxe4 14.Re1 Bc2 15.Rxe8+ Qxe8
16.Nxd6 Qe7 17.Qxc2 Qxd6 18.Qe4 Nd7 19.Bf4 Qf8 20.Qc2 Nb6 21.Rd1 Bd4 22.d6 Nd5
23.Bg3 Rb8 24.Qc4 Nb6 25.Qa6 Qd8 26.Qxa7 Nd7 27.Nf3 Bxb2 28.Qa4 Bf6 29.Re1 Ra8
30.Qc4 Nb6 31.Qxc5 Rxa2 32.Qc6 Nd7 33.Rc1 Kg7 34.Qb7  1-0

[Event "Anibal op 4th"]
[Site "Linares"]
[Date "1997.??.??"]
[Round "2"]
[White "Mikhalevski, Victor"]
[Black "Kovacevic, Slobodan"]
[Result "1-0"]
[WhiteElo "2535"]
[BlackElo "2420"]

1.d4 Nf6 2.c4 e6 3.Nf3 c5 4.d5 exd5 5.cxd5 d6 6.Nc3 g6 7.e4 a6 8.a4 Bg4 9.Be2 Bxf3
10.Bxf3 Nbd7 11.O-O Bg7 12.Be2 O-O 13.Qc2 Rc8 14.Bf4 Qe7 15.Bg3 Ne8 16.Bg4 Nef6
17.Bh4 h6 18.e5 Qxe5 19.Bxf6 Nxf6 20.Bxc8 Rxc8 21.Rfe1 Qd4 22.Rad1 Qb4 23.Na2 Qh4
24.h3 Re8 25.Nc3 Qb4 26.Rxe8+ Nxe8 27.Ne4 c4 28.a5 Kh7 29.Nd2 c3 30.bxc3 Qxa5
31.c4 Qc7 32.Qb3 b6 33.Qa4 b5 34.Qxa6 bxc4 35.Nxc4 Qe7 36.Kf1 Bf8 37.Re1 Qd8
38.Qb7 Kg8 39.Qc6 Nf6 40.Ra1 Qe7 41.Re1 Qd8 42.g3 h5 43.Kg2 Kg7 44.Re3 Kg8
45.Rf3 Qe7 46.Nxd6 Bg7 47.Re3 Qd8 48.Rd3 Qe7 49.Re3 Qd8 50.Kf1 Kh8 51.Nxf7+  1-0

[Event "Anibal op 4th"]
[Site "Linares"]
[Date "1997.??.??"]
[Round "5"]
[White "Avrukh, Boris"]
[Black "Pigusov, Evgeny"]
[Result "1/2-1/2"]
[WhiteElo "2520"]
[BlackElo "2565"]

1.d4 Nf6 2.c4 e6 3.Nf3 c5 4.d5 exd5 5.cxd5 d6 6.Nc3 g6 7.h3 Bg7 8.e4 O-O
9.Bd3 b5 10.Nxb5 Re8 11.O-O Nxe4 12.Qa4 a6 13.Re1 Nd7 14.Rxe4 Rxe4 15.Qxe4 Nf6
16.Qe2 axb5 17.Bxb5 Bb7 18.Bg5 Bxd5 19.a4 h6 20.Bf4  1/2-1/2

[Event "Linz op"]
[Site "Linz"]
[Date "1997.??.??"]
[Round "1"]
[White "Dornauer, Joachim"]
[Black "Somasundram, Jayakumar"]
[Result "1-0"]
[WhiteElo "2230"]
[BlackElo "2090"]

1.d4 Nf6 2.c4 e6 3.Nf3 c5 4.d5 exd5 5.cxd5 d6 6.Nc3 g6 7.h3 Bg7 8.e4 O-O
9.Bd3 Re8 10.O-O c4 11.Bc2 b5 12.Nxb5 Nxe4 13.Bxe4 Rxe4 14.Ng5 Re8 15.Qf3 f5
16.Bf4 Be5 17.Ne6 Na6 18.Nxd8  1-0

[Event "Linz op"]
[Site "Linz"]
[Date "1997.??.??"]
[Round "5"]
[White "Dornauer, Joachim"]
[Black "Soffer, Ram"]
[Result "0-1"]
[WhiteElo "2230"]
[BlackElo "2525"]

1.d4 Nf6 2.c4 e6 3.Nf3 c5 4.d5 d6 5.Nc3 exd5 6.cxd5 g6 7.Nd2 Nbd7 8.e4 Bg7
9.Be2 O-O 10.O-O Re8 11.Qc2 Ne5 12.h3 g5 13.Nf3 Nxf3+ 14.Bxf3 g4 15.hxg4 Nxg4
16.Bxg4 Bxg4 17.Bf4 Qf6 18.Bg3 Bd7 19.a4 Qg6 20.Rfe1 Bd4 21.Qd3 f5 22.exf5 Bxf5
23.Qf3 Rxe1+ 24.Rxe1 Rf8 25.Nb5 Bd3 26.Re6 Rxf3 27.Rxg6+ hxg6 28.gxf3 Bxb5
29.axb5 Bxb2 30.Bxd6 c4 31.Kf1 c3 32.Be5 Ba1 33.Bf4 Bb2 34.Be5 a5 35.bxa6 bxa6
36.Ke2 Kf7 37.Kd3 Ke7 38.Kc4 a5 39.Kb3 Kd7 40.Ka4 Ba1 41.Kb3 a4+ 42.Kc2 Ke7
43.f4 Kd7 44.Kb1 Bb2 45.Ka2 Ke7 46.Kb1 Ke8 47.Ka2 Kd7 48.Kb1 a3 49.Ka2 Ke7
50.Kb1 Ke8 51.Ka2 Kd7 52.Kb1 Kc8 53.Ka2 Kb7 54.Kb1 Kb6 55.d6 Kc6 56.Ka2 Kd7
57.Kb1 Ke6 58.Ka2 Kd7 59.Kb1 Ke6 60.Ka2 Bc1 61.Bxc3 Kxd6 62.Kb1 Bxf4 63.Bb4+ Kd5
64.Bxa3 Ke4 65.Kc2 Kf3 66.Bc5 Ke2 67.Ba7 g5 68.Bb6 g4 69.Bc5 Be5 70.Ba7 Bf6
71.Bb6 Bh4 72.Bc7 Bxf2 73.Bd6 Be3 74.Bc7 Kf3 75.Kd1 Bf4 76.Bb6 g3 77.Ke1 g2
78.Bg1 Be3 79.Bh2 Ba7  0-1

[Event "Masters"]
[Site "Lisbon"]
[Date "1997.??.??"]
[Round "3"]
[White "Santos, Carlos P"]
[Black "Quadrio, Alexandre"]
[Result "1-0"]
[WhiteElo "2340"]
[BlackElo "2230"]

1.d4 Nf6 2.c4 c5 3.d5 e6 4.Nc3 exd5 5.cxd5 d6 6.Nf3 g6 7.Bf4 a6 8.Qd3 Qe7
9.Nd2 b5 10.Nce4 Nxe4 11.Nxe4 Bf5 12.Nxd6+ Qxd6 13.Bxd6 Bxd3 14.Bxf8 Rxf8
15.exd3 Kd7 16.a4 b4 17.d4 cxd4 18.O-O-O Kd6 19.Rxd4 a5 20.Bb5 Nd7 21.Re1 Rac8+
22.Kd2 Nf6 23.Re3 Rc5 24.Bc4 Rd8 25.b3 h5 26.Rf4 Nxd5 27.Rd4 Rd7 28.Red3 Ke5
29.f4+ Ke6 30.Ke1 f6 31.Kf2 g5 32.g3 g4 33.Kg1 Rd8 34.Kh1 Rd7 35.Kg2 Rd8
36.Kf2 Rd7 37.Kf1 Rd8 38.Ke2 Rd7 39.Ke1 Rd8 40.Kd1 Rd7 41.Rd2 Rd8 42.Ke1 Rd7
43.Re4+ Kd6 44.Red4 Ke6 45.Kf2 Rd8 46.Kg1 Rd7 47.h3 Rd8 48.hxg4 hxg4 49.Re2+ Kd6
50.Rxd5+  1-0

[Event "Lilie op"]
[Site "Litomysl"]
[Date "1997.??.??"]
[Round "4"]
[White "Bielicki, Birke"]
[Black "Stocek, Jiri"]
[Result "0-1"]
[WhiteElo "2180"]
[BlackElo "2470"]

1.d4 Nf6 2.c4 e6 3.Nf3 c5 4.d5 d6 5.Nc3 exd5 6.cxd5 g6 7.e4 Bg7 8.Bd3 a6
9.a4 Bg4 10.h3 Bxf3 11.Qxf3 O-O 12.O-O Nbd7 13.Qe2 Re8 14.Be3 Rc8 15.f3 Qa5
16.Ra3 Ne5 17.Bc2 c4 18.Qf2 Nd3 19.Bxd3 cxd3 20.Rd1 Nd7 21.Bd4 Ne5 22.Rb3 Qc7
23.Bxe5 Bxe5 24.Qd2 Qc4 25.Rxb7 Rb8 26.Rxb8 Rxb8 27.f4 Bg7 28.Qxd3 Qc5+ 29.Kh1 Rxb2
30.e5 Rb3 31.Qxa6 Rxc3 32.Qxd6 Qxd6 33.exd6 Rc8 34.a5 Bf6 35.a6 Kg7 36.Rb1 Ra8
37.Rb6 Kf8 38.Rc6 Bd8 39.g4 Ke8 40.Kg2 Kd7 41.Kf3 Rb8 42.h4 f5 43.gxf5 gxf5
44.Ke3 Rb4 45.h5 Re4+ 46.Kf3 Rd4 47.Rc5 Rd3+ 48.Ke2 Ra3 49.Rc6 Ra5 50.h6 Rxd5
51.Rc1 Ra5 52.Rg1 Rxa6 53.Rg7+ Kxd6 54.Rxh7 Bf6 55.Kf3 Ke6 56.Rb7 Ra8 57.Kg3 Rh8
58.h7 Be7 59.Rb6+ Kf7 60.Rh6 Kg7 61.Rh5 Kg6 62.Rh1 Rxh7 63.Rb1 Bh4+ 64.Kf3 Rc7
65.Rb6+ Kh5 66.Rb3 Bf6 67.Rb6 Rc3+ 68.Kg2 Bh4  0-1

[Event "Mar del Plata op"]
[Site "Mar del Plata"]
[Date "1997.??.??"]
[Round "4"]
[White "Slipak, Sergio"]
[Black "Tempone, Marcelo"]
[Result "1/2-1/2"]
[WhiteElo "2505"]
[BlackElo "2450"]

1.d4 Nf6 2.c4 e6 3.Nc3 c5 4.d5 exd5 5.cxd5 d6 6.Nf3 g6 7.g3 Bg7 8.Bg2 O-O
9.O-O Re8 10.h3 a6 11.a4 Nbd7 12.Bf4 Qe7 13.Qc1 Qf8 14.Re1 Rb8 15.e4 Nh5
16.Bg5 b5 17.axb5 axb5 18.Ra7 c4 19.Be3 b4 20.Na4 Rxe4 21.g4 Nhf6 22.Nd2 Rxe3
23.Rxe3 Bh6 24.Nxc4 Bb7 25.Qe1 Bxe3 26.Qxe3 Bxd5 27.Bxd5 Nxd5 28.Qd4 N5f6
29.Nxd6 Rd8  1/2-1/2

[Event "CRO-chT"]
[Site "Medulin"]
[Date "1997.??.??"]
[Round "?"]
[White "Cebalo, Miso"]
[Black "Martic, Zlatko"]
[Result "1-0"]
[WhiteElo "2540"]
[BlackElo "2315"]

1.d4 Nf6 2.Nf3 e6 3.c4 c5 4.d5 exd5 5.cxd5 d6 6.Nc3 g6 7.e4 a6 8.h3 b5 9.Bd3 Bg7
10.O-O O-O 11.Bf4 Re8 12.Re1 Nh5 13.Bh2 Qb6 14.Rc1 Nd7 15.g4 Nhf6 16.b3 h5
17.g5 Nh7 18.h4 Ne5 19.Nxe5 Bxe5 20.Bxe5 Rxe5 21.Qd2 Bd7 22.Kh2 Rf8 23.f4 Re7
24.Bf1 f6 25.Bg2 b4 26.Nd1 fxg5 27.hxg5 Ref7 28.f5 Bxf5 29.exf5 Rxf5 30.Ne3 Rxg5
31.Nc4 Qd8 32.Rf1 Nf6 33.Kg1 Rg4 34.Rce1 h4 35.Kh1 Nh5 36.Rxf8+ Qxf8 37.Qe3 Ng3+
38.Kh2 Nf5 39.Qe6+ Kg7 40.Rf1 Qd8 41.Bh3 Qg5 42.Bxg4 Qxg4 43.Qe1  1-0

[Event "Carlos Torre mem op"]
[Site "Merida"]
[Date "1997.??.??"]
[Round "6"]
[White "Calderin, Roberto"]
[Black "Hernandez, Gilberto"]
[Result "1-0"]
[WhiteElo "2420"]
[BlackElo "2525"]

1.d4 Nf6 2.Nf3 c5 3.d5 e6 4.c4 exd5 5.cxd5 d6 6.Nc3 g6 7.e4 Bg7 8.Bg5 h6
9.Bh4 a6 10.Nd2 b5 11.Be2 O-O 12.Qc2 Nbd7 13.a4 b4 14.Nd1 Re8 15.Ne3 b3 16.Qb1 Rb8
17.a5 Rb4 18.Nec4 Ne5 19.Nb6 g5 20.Bg3 Nxe4 21.Nxe4 Bf5 22.f3 Nxf3+ 23.gxf3 Rbxe4
24.O-O Rxe2 25.Qxf5 Bxb2 26.Rab1 Rc2 27.Rxb2 Rxb2 28.Nc4 Ree2 29.Nxb2 Rxb2
30.f4  1-0

[Event "Goldberg mem"]
[Site "Moscow "]
[Date "1997.??.??"]
[Round "11"]
[White "Annakov, Babakuli"]
[Black "Losev, Dmitry"]
[Result "1-0"]
[WhiteElo "2365"]
[BlackElo "2435"]

1.d4 Nf6 2.c4 e6 3.Nf3 c5 4.d5 exd5 5.cxd5 d6 6.Nc3 g6 7.Nd2 Nbd7 8.e4 Bg7
9.Nc4 Nb6 10.Ne3 O-O 11.Bd3 Re8 12.O-O Nbd7 13.a4 a6 14.f4 Rb8 15.Qf3 h5
16.Bd2 Ng4 17.Nxg4 hxg4 18.Qxg4 c4 19.Bc2 Qb6+ 20.Kh1 Qxb2 21.Ra2 Qb6 22.f5 Ne5
23.Qh4 Qd4 24.Bh6 Bh8 25.Ne2 Qb6 26.Ra3 Qb2 27.Rh3 Nd3 28.fxg6 fxg6 29.Rg3 Ne5
30.Nf4  1-0

[Event "Murcia op"]
[Site "Murcia"]
[Date "1997.??.??"]
[Round "6"]
[White "Castany Pampalona, Luis Maria"]
[Black "Perpinya Rofes, Lluis Maria"]
[Result "1/2-1/2"]
[WhiteElo "2140"]
[BlackElo "2265"]

1.d4 Nf6 2.Nf3 e6 3.c4 c5 4.d5 exd5 5.cxd5 d6 6.Nc3 g6 7.e4 Bg7 8.Be2 O-O
9.O-O Bg4 10.Nd2 Bxe2 11.Qxe2 Re8 12.f3 Na6 13.Nc4 h6  1/2-1/2

[Event "JUG-chT (Women)"]
[Site "Niksic"]
[Date "1997.??.??"]
[Round "1"]
[White "Shumiakina, Tatiana"]
[Black "Maksimovic, Suzana"]
[Result "1-0"]
[WhiteElo "2385"]
[BlackElo "2300"]

1.d4 Nf6 2.Nf3 e6 3.c4 c5 4.d5 exd5 5.cxd5 d6 6.Nc3 g6 7.g3 Bg7 8.Bg2 O-O
9.O-O Na6 10.Nd2 Nc7 11.Nc4 Nh5 12.a4 b6 13.Qc2 Ba6 14.b3 f5 15.e3 Qd7 16.Bb2 Rae8
17.Rfd1 Nf6 18.h3 Rf7 19.Rab1 Qe7 20.Ba1 Bb7 21.Rd2 Nd7 22.Rbd1 Nf6 23.Qb1 Bc8
24.Kh2 Qf8 25.Kg1 Bd7 26.Bf1 Rb8 27.Qc2 a6 28.Bg2 b5 29.Na5 b4 30.Nb1 Ne4
31.Bxg7 Qxg7 32.Re2 Re8 33.Nc4 Qf8 34.Ree1 g5 35.Ncd2 Nf6 36.Nf3 Qh6 37.Nbd2 Ne4
38.Nxe4 fxe4 39.Nd2 Bxh3 40.Bxe4 Bg4 41.f3 Rxe4 42.Qxe4 Bf5 43.Qc4 Qh3 44.Re2 g4
45.Rh2 Qxg3+ 46.Rg2 Qe5 47.e4 Bc8 48.fxg4 Rf4 49.Qe2 Ne8 50.Rf1 Nf6 51.Rxf4 Qxf4
52.g5 Ng4 53.Nf3 Ne3 54.g6 h6 55.Nd2 Bg4 56.Qf2 Nxg2 57.Kxg2 Bh3+ 58.Kg1 Qxf2+
59.Kxf2 Kg7 60.Nc4 Kxg6 61.Nxd6 Kf6 62.Nc4 Bd7 63.Kg3 Ke7 64.Kh4 Be8 65.Kg4 Bg6
66.Kf4 Bh5 67.Ke5 Bd1 68.d6+ Kd7 69.Na5 c4 70.Nxc4 Bxb3 71.Nb6+ Kc6 72.d7 Kc7
73.Kf6 Kd8 74.e5 h5 75.e6 Bxe6 76.Kxe6  1-0

[Event "JUG-chT"]
[Site "Niksic"]
[Date "1997.??.??"]
[Round "3"]
[White "Drasko, Milan"]
[Black "Petronic, Jovan"]
[Result "1/2-1/2"]
[WhiteElo "2520"]
[BlackElo "2490"]

1.d4 Nf6 2.c4 e6 3.Nc3 c5 4.d5 exd5 5.cxd5 d6 6.Nf3 g6 7.g3 Bg7 8.Bg2 O-O
9.O-O a6 10.a4 Nbd7 11.Bf4 Qe7 12.h3 Rb8 13.Rb1 Nh5 14.Bg5 f6 15.Bd2 f5 16.Qc2 Nhf6
17.b4 cxb4 18.Rxb4 Nc5 19.Nd4 Bd7 20.Qb1 Rbc8 21.a5 Rc7 22.Rd1  1/2-1/2

[Event "JUG-chT"]
[Site "Niksic"]
[Date "1997.??.??"]
[Round "7"]
[White "Stamenkovic, Zoran"]
[Black "Petronic, Jovan"]
[Result "1/2-1/2"]
[WhiteElo "2425"]
[BlackElo "2490"]

1.d4 Nf6 2.c4 c5 3.d5 e6 4.Nc3 exd5 5.cxd5 d6 6.Nf3 g6 7.g3 Bg7 8.Bg2 O-O
9.O-O a6 10.a4 Nbd7 11.Nd2 Re8 12.Nc4 Ne5 13.Nxe5 Rxe5 14.Bf4 Re8 15.Qc2 Qc7
16.Rab1 Bd7 17.Rfc1 b5 18.axb5 axb5 19.b4 c4 20.Qd2 Ra3 21.h3 Nh5 22.Be3 f5
23.Kh2 Rea8 24.Bf3 Nf6 25.Bd4 Ne8 26.Bxg7 Nxg7 27.Kg2 Qb6 28.h4 Qd8 29.h5 Qf6
30.hxg6 hxg6 31.Rc2 Ra1 32.Rxa1 Rxa1 33.e4 fxe4 34.Bxe4 Nf5 35.Bxf5 Bxf5
36.Rc1 Ra3 37.Qe2 Bd7 38.Qe3 Kg7 39.Qd2 Rb3 40.Ne2 Qf3+ 41.Kg1 Qd3 42.Qa2 Qxd5
43.Qa7 Qf7 44.Qd4+ Qf6 45.Qa7 Qf7 46.Qd4+ Qf6 47.Qa7 Qf7  1/2-1/2

[Event "JUG-chT (Women)"]
[Site "Niksic"]
[Date "1997.??.??"]
[Round "11"]
[White "Khurtsidze, Nino"]
[Black "Peptan, Corina"]
[Result "1-0"]
[WhiteElo "2415"]
[BlackElo "2460"]

1.d4 Nf6 2.c4 e6 3.Nf3 c5 4.d5 d6 5.Nc3 exd5 6.cxd5 g6 7.e4 Bg7 8.h3 O-O
9.Bd3 Re8 10.O-O c4 11.Bc2 a6 12.a4 Nbd7 13.Be3 Rb8 14.Re1 Qc7 15.Ba7 Ra8
16.Bd4 Rb8 17.Ba7 Ra8 18.Bd4 b6 19.Rc1 Rb8 20.b3 b5 21.axb5 axb5 22.bxc4 bxc4
23.Ba4 Ba6 24.Ra1 Qc8 25.Bxf6 Nxf6 26.Bxe8 Nxe8 27.Nd4 Qc5 28.Nc6 Rb2 29.Re2 Rxe2
30.Qxe2 Nc7 31.Qb2 Nb5 32.e5 Nxc3 33.Qxc3 Bb7 34.Qb2 Bxc6 35.Qb8+ Bf8 36.dxc6 Qxe5
37.Rf1 Kg7 38.c7 d5 39.c8=Q Qg5  1-0

[Event "ISR-ch U18"]
[Site "Petah Tiqwa"]
[Date "1997.??.??"]
[Round "2"]
[White "Rapoport, Evgeny"]
[Black "Milavsky, Maxim"]
[Result "1-0"]
[WhiteElo "2280"]
[BlackElo "2175"]

1.d4 Nf6 2.c4 e6 3.Nf3 c5 4.d5 d6 5.Nc3 exd5 6.cxd5 g6 7.e4 Bg7 8.Bg5 O-O
9.Nd2 a6 10.a4 Nbd7 11.Be2 Re8 12.O-O Qc7 13.f4 c4 14.Kh1 Nc5 15.e5 dxe5
16.Nxc4 Nfe4 17.d6 Nxc3 18.dxc7 Nxd1 19.Raxd1 Ne6 20.Nd6 Rf8 21.Be7 exf4
22.Bxf8 Kxf8 23.Nc4 Bd4 24.Rxd4  1-0

[Event "World op"]
[Site "Philadelphia"]
[Date "1997.??.??"]
[Round "7"]
[White "Shliperman, Igor"]
[Black "Dorobanov, Svetos"]
[Result "1-0"]
[WhiteElo "2410"]
[BlackElo "2360"]

1.d4 Nf6 2.c4 e6 3.Nf3 c5 4.d5 exd5 5.cxd5 d6 6.Nc3 g6 7.Nd2 Bg7 8.e4 O-O
9.Be2 Re8 10.O-O Na6 11.f3 Nc7 12.a4 b6 13.Nc4 Ba6 14.Bg5 h6 15.Bh4 Bxc4
16.Bxc4 g5 17.Bf2 Nd7 18.Bb5 a6 19.Bc6 Rb8 20.Qc2 Rf8 21.Bxd7 Qxd7 22.g4 b5
23.a5 b4 24.Na4 Nb5 25.Nb6 Qe7 26.Nc4 Bd4 27.Kg2 Bxf2 28.Qxf2 Nd4 29.Rae1 f6
30.Qg3 Rbd8 31.h4 Kg7 32.Rh1 Rh8 33.hxg5 fxg5 34.e5 dxe5 35.Rxe5 Qf7 36.Rhe1 Rhe8
37.Rxe8 Rxe8 38.Nd6 Rxe1 39.Nxf7 Re2+ 40.Kf1 Kxf7 41.Qc7+ Re7  1-0

[Event "Portoroz op"]
[Site "Portoroz"]
[Date "1997.??.??"]
[Round "?"]
[White "Cebalo, Miso"]
[Black "Rotstein, Arkadij"]
[Result "0-1"]
[WhiteElo "2540"]
[BlackElo "2445"]

1.d4 Nf6 2.Nf3 e6 3.c4 c5 4.d5 exd5 5.cxd5 d6 6.Nc3 g6 7.h3 Bg7 8.e4 O-O
9.Bd3 b5 10.Nxb5 Re8 11.Nd2 Nxd5 12.Nc4 Nb4 13.Be2 Ba6 14.Nbxd6 Re6 15.O-O N8c6
16.a3 Nc2 17.Qxc2 Nd4 18.Qd3 Rxd6 19.Bf4 Nxe2+ 20.Qxe2 Rd4 21.Rac1 Qh4 22.Bg3 Qxe4
23.Qxe4 Rxe4 24.b3 Rd8 25.Rfe1 Rxe1+ 26.Rxe1 Bxc4 27.bxc4 Bb2 28.a4 Rd3 29.Re8+ Kg7
30.Be5+ Bxe5 31.Rxe5 Ra3 32.Rxc5 Rxa4 33.Rc6 Ra2 34.g4 a5 35.Ra6 a4 36.Kg2 a3
37.c5  0-1

[Event "EU-chT (Men)"]
[Site "Pula"]
[Date "1997.??.??"]
[Round "1"]
[White "Grabliauskas, Virginijus"]
[Black "Yakovich, Yuri"]
[Result "1-0"]
[WhiteElo "2435"]
[BlackElo "2575"]

1.d4 Nf6 2.c4 e6 3.Nf3 c5 4.d5 d6 5.Nc3 exd5 6.cxd5 g6 7.Nd2 Bg7 8.Nc4 O-O
9.Bf4 Na6 10.Qd2 b5 11.Nxd6 b4 12.Nce4 Nxe4 13.Nxe4 c4 14.Rc1 c3 15.bxc3 Bf5
16.Nd6 Bxc3 17.Rxc3 bxc3 18.Qxc3 Qb6 19.f3 Rfd8 20.Nc4 Qb4 21.Qxb4 Nxb4 22.e4 Bd7
23.a3 Na6 24.Na5 Nc5 25.Bc4 Rac8 26.Kd2 Na4 27.Be5 Re8 28.Bd4 Rc7 29.Rb1 Nb6
30.Bb3 Rb8 31.Be5  1-0

[Event "EU-chT (Men)"]
[Site "Pula"]
[Date "1997.??.??"]
[Round "1"]
[White "Antunes, Antonio"]
[Black "Hracek, Zbynek"]
[Result "1/2-1/2"]
[WhiteElo "2510"]
[BlackElo "2630"]

1.d4 Nf6 2.Nf3 e6 3.c4 c5 4.d5 exd5 5.cxd5 d6 6.Nc3 g6 7.Nd2 Bg7 8.e4 O-O
9.Be2 Nbd7 10.O-O Qe7 11.a4 Ne5 12.Re1 g5 13.Nf1 h6 14.Ng3 Ng6 15.Bf1 a6
16.Bd2 Qe5 17.Qc2 Bd7 18.a5 Rae8 19.Nd1 Qe7 20.Ne3 Nh4 21.Bc3 Ng4 22.Bxg7 Kxg7
23.Qc3+ Ne5 24.Be2  1/2-1/2

[Event "Pula op"]
[Site "Pula"]
[Date "1997.??.??"]
[Round "7"]
[White "Zaja, Ivan"]
[Black "Zelcic, Robert"]
[Result "1/2-1/2"]
[WhiteElo "2440"]
[BlackElo "2455"]

1.d4 Nf6 2.c4 e6 3.Nf3 c5 4.d5 exd5 5.cxd5 d6 6.Nc3 g6 7.e4 Bg7 8.Be2 O-O
9.O-O Re8 10.Nd2 Nbd7 11.a4 Ne5 12.Qc2 a6 13.Re1 g5 14.Nf1 h6 15.Ng3 Ng6
16.Nd1 Qe7 17.f3 Nh4 18.Ne3 Kh8 19.Bd2 Bd7 20.a5 g4 21.Bc3 gxf3 22.gxf3 Rg8
23.Ng2 Nh7 24.f4 Nxg2 25.Kxg2 Qh4 26.Qd2 f5 27.exf5 Bxf5 28.Kh1 Raf8 29.Rg1 Bg4
30.Bxg4 Qxg4 31.Raf1 Bxc3 32.Qxc3+ Qg7 33.Ne4 Qxc3 34.bxc3 Rxg1+ 35.Kxg1 Nf6
36.Nxf6 Rxf6 37.Kg2 Rf7 38.Kf3 Kg7 39.Re1 b5 40.axb6 Rb7 41.Rb1 Kf6 42.Kg4 a5
43.f5 a4 44.Kf4 a3 45.Rb3 a2 46.Ra3 Rxb6 47.Rxa2 Rb1 48.Ra6 Rf1+ 49.Ke4 Re1+
50.Kf4 Rf1+ 51.Ke4 Re1+ 52.Kf4 Rf1+  1/2-1/2

[Event "Recklinghausen"]
[Site "Recklinghausen"]
[Date "1997.??.??"]
[Round "4"]
[White "Halasz, Tamas"]
[Black "Maiwald, Jens Uwe"]
[Result "1/2-1/2"]
[WhiteElo "2385"]
[BlackElo "2450"]

1.d4 Nf6 2.Nf3 c5 3.d5 e6 4.c4 exd5 5.cxd5 d6 6.Nc3 g6 7.Nd2 Bg7 8.e4 O-O
9.Be2 Na6 10.O-O Ne8 11.Nc4 f5 12.Bf4 fxe4 13.Qd2 Bxc3 14.bxc3 b5 15.Na3 b4
16.Nb5 Qd7 17.a3 Nac7 18.c4 Nxb5 19.cxb5 bxa3 20.Rxa3 Rb8 21.h4 h5 22.f3 e3
23.Bxe3 Ng7 24.g4 hxg4 25.fxg4 Rxf1+ 26.Kxf1 Qe7 27.Kg2 Rb7 28.Kg3 Bd7 29.Bg1 Qe4
30.Qe3 Qxe3+ 31.Bxe3 Bxb5 32.Bxb5 Rxb5 33.Rxa7 Rb3 34.Kf4 Ne8 35.Bc1 Rb1
36.Be3 Rb3 37.Bc1 Rb1 38.Be3 Rb3  1/2-1/2

[Event "WchT U26"]
[Site "Roque Saenz Pena"]
[Date "1997.??.??"]
[Round "7"]
[White "Pereyra Arcija, Diego"]
[Black "Llorens, Marcelo"]
[Result "1-0"]
[WhiteElo "2460"]
[BlackElo "2235"]

1.d4 Nf6 2.Nf3 c5 3.d5 e6 4.c4 exd5 5.cxd5 d6 6.Nc3 g6 7.g3 Bg7 8.Bg2 O-O
9.O-O a6 10.a4 Re8 11.Bf4 Ne4 12.Nxe4 Rxe4 13.Nd2 Rb4 14.Ne4 b6 15.Bg5 f6
16.Bd2 f5 17.Bxb4 cxb4 18.Nd2 Bxb2 19.Ra2 Bg7 20.e4 a5 21.Bh3 Na6 22.exf5 Bxf5
23.Bxf5 gxf5 24.Qh5 Qf6 25.Nc4 Nc5 26.Re2 b3 27.Nxb6 Rf8 28.Nc4 f4 29.Re8 Nxa4
30.Rxf8+ Qxf8 31.Nxa5 b2 32.Nc4 Bd4 33.Qg4+ Kh8 34.Qd1 Qf6 35.Qxa4 fxg3 36.Qa8+ Kg7
37.Qb7+ Kh6 38.hxg3 Qg5 39.Kg2 Kg6 40.Nxb2 h5 41.Nd3  1-0

[Event "Schwaebisch Gmuend op"]
[Site "Schwaebisch Gmuend"]
[Date "1997.??.??"]
[Round "8"]
[White "Berezovsky, Igor"]
[Black "Duessel, Udo"]
[Result "1-0"]
[WhiteElo "2430"]
[BlackElo "2090"]

1.d4 Nf6 2.Nf3 e6 3.c4 c5 4.d5 exd5 5.cxd5 d6 6.Nc3 g6 7.e4 Bg7 8.h3 O-O
9.Bd3 Re8 10.O-O Na6 11.Re1 Nc7 12.a4 a6 13.Bc2 Rb8 14.Bf4 b5 15.e5 dxe5
16.Nxe5 Bd7 17.axb5 axb5 18.Ra7 Ra8 19.Rxa8 Nxa8 20.Nc6 Qb6 21.Ne7+ Kf8 22.d6 Qb7
23.Ne4 Nxe4 24.Bxe4 Qa6 25.Qd2 Nb6 26.Bh6 f6 27.Bd5 Qa4 28.Re4 Qa1+ 29.Kh2 b4
30.Rh4 g5 31.Bxg5 Rxe7 32.dxe7+ Kxe7 33.Rxh7 fxg5 34.Rxg7+ Kd6 35.Rxg5 Kc7
36.Qf4+ Kd8 37.Rg8+ Be8 38.Qf6+ Kd7 39.Qc6+  1-0

[Event "SVK-chT 9697"]
[Site "SVK"]
[Date "1997.??.??"]
[Round "5"]
[White "Debnar, Lubos"]
[Black "Pejko, Otomar"]
[Result "1/2-1/2"]
[WhiteElo "2270"]
[BlackElo "2245"]

1.d4 Nf6 2.c4 c5 3.d5 e6 4.Nc3 exd5 5.cxd5 d6 6.Nf3 g6 7.g3 Bg7 8.Bg2 O-O
9.O-O Na6 10.Nd2 Nc7 11.a4  1/2-1/2

[Event "Czerniak mem Bikurei Haitim"]
[Site "Tel Aviv"]
[Date "1997.??.??"]
[Round "4"]
[White "Summerscale, Aaron"]
[Black "Rotstein, Arkadij"]
[Result "1-0"]
[WhiteElo "2500"]
[BlackElo "2455"]

1.d4 Nf6 2.c4 e6 3.Nf3 c5 4.d5 exd5 5.cxd5 d6 6.Nc3 g6 7.g3 Bg7 8.Bg2 O-O
9.O-O Na6 10.Nd2 Nc7 11.Nc4 Nfe8 12.Re1 b5 13.Na5 b4 14.Ne4 Nb5 15.Nc6 Qd7
16.Nd2 Nec7 17.Nc4 Ba6 18.N6a5 Na3 19.Qb3 Nxc4 20.Nxc4 Rfe8 21.Rb1 Bxc4 22.Qxc4 Qb5
23.Qc2 a5 24.Bf4 Be5 25.Bxe5 Rxe5 26.e4 Rae8 27.f4 R5e7 28.Bf1 Qd7 29.Qc4 Kg7
30.Rbd1 f6 31.Re3 Na8 32.b3 Nb6 33.Qc2 a4 34.Kf2 axb3 35.axb3 Qa7 36.Rde1 f5
37.Bb5 Rb8 38.Qb2+ Kf7 39.exf5 Rxe3 40.Rxe3 c4 41.bxc4 gxf5 42.Qxb4 Nd7 43.Qxd6 Nf6
44.Qe6+ Kg6 45.Kg2 Rb6 46.Qe7 Qxe7 47.Rxe7 Nxd5 48.Be8+ Kh6 49.Re2 Nc3 50.Rc2 Nd1
51.Kf3 Rb3+ 52.Ke2 Ne3 53.Rc1 Ng4 54.Bd7 Nxh2 55.c5 Nf3 56.Rc4  1-0

[Event "Ubeda op"]
[Site "Ubeda"]
[Date "1997.??.??"]
[Round "6"]
[White "Adla, Diego"]
[Black "Volzhin, Alexander"]
[Result "1-0"]
[WhiteElo "2410"]
[BlackElo "2505"]

1.d4 Nf6 2.c4 e6 3.Nf3 c5 4.d5 exd5 5.cxd5 d6 6.Nc3 g6 7.e4 a6 8.h3 b5 9.Bd3 Bg7
10.O-O O-O 11.Bf4 Ra7 12.Qd2 Re7 13.Rfe1 Rfe8 14.a3 Nh5 15.Bh2 Qb6 16.Rac1 Nd7
17.b4 c4 18.Bc2 Ne5 19.Nxe5 Bxe5 20.Bd1 Nf6 21.Bxe5 Rxe5 22.Bf3 Nd7 23.Bg4 Nf6
24.Bxc8 Rxc8 25.Kh2 Rce8 26.f3 R5e7 27.a4 Rb8 28.Ra1 bxa4 29.Rxa4 Reb7 30.Rea1 Qc7
31.Ne2 Nd7 32.R1a3 Ne5 33.Nd4 Qd7 34.Qg5 Rxb4 35.Rxb4 Rxb4 36.Rxa6 Rb8 37.Nf5 Qd8
38.Ne7+ Kg7 39.Ra7 Rb2 40.Nf5+  1-0

[Event "Warsaw-ch"]
[Site "Warsaw"]
[Date "1997.??.??"]
[Round "5"]
[White "Berezin, Oleg"]
[Black "Lachowski, Adam"]
[Result "1-0"]
[WhiteElo "2445"]
[BlackElo "2205"]

1.d4 Nf6 2.c4 c5 3.d5 e6 4.Nc3 exd5 5.cxd5 d6 6.Nf3 g6 7.h3 Bg7 8.e4 O-O
9.Bd3 a6 10.a4 Nbd7 11.O-O Qc7 12.Re1 c4 13.Bc2 Rb8 14.a5 Re8 15.Be3 Nc5
16.Bd4 Bd7 17.e5 Nh5 18.Bxc5 Qxc5 19.Ne4 Qb4 20.Nxd6 Re7 21.Ba4 Rd8 22.Bxd7 Rexd7
23.Ra4 Qc5 24.Rxc4 Qxa5 25.b4 Qa2 26.Re2 Qa3 27.Qb1 Rxd6 28.exd6 Qa4 29.Re7 Bf6
30.Rxb7 Rxd6 31.Rc8+ Kg7 32.Rcc7 Rxd5 33.Rxf7+ Kg8 34.Qe4 Qc6 35.Rfd7 Rd1+
36.Kh2 Qxe4 37.Rb8+  1-0